000 01150nam a2200313 a 4500
003 AR-BaBNM
005 20251128203907.0
008 082120s2002 ||||||||||||||000 | spa||
040 _cAR-BaBNM
100 1 _aPopham, W. James
245 0 0 _aPlaneamiento de la enseñanza
260 _aBuenos Aires
_bPaidós
_bCentro Regional de Ayuda Técnica. Agencia para el Desarrollo Internacional
_c1972
300 _a136 p.
_btablas
500 _aEsta publicación ha sido preparada conjuntamente por Editorial Paidós y el Centro Regional de Ayuda Técnica, Departamento de Estado del Gobierno de Estados Unidos de América. El Centro es una organización dedicada a producir versiones en español del mater
650 4 _aPLANIFICACION DEL CURRICULO
650 4 _aOBJETIVOS EDUCACIONALES
650 4 _aOBJETIVOS DEL CURSO
650 4 _aOBJETIVOS COGNOSCITIVOS
650 4 _aEVALUACION DEL ALUMNO
650 4 _aTECNICAS DIDACTICAS
650 4 _aORTOGRAFIA
650 4 _aGRAMATICA
650 4 _aREDACCION
650 4 _aPRUEBAS ESCOLARES
700 1 _aBaker, Eva L.
700 1 _aValle, Dolores
_etraductor
942 _cBK
998 _cSILVI
999 _c5368
_d5368